| 000 | 00380 a2200169 4500 | ||
|---|---|---|---|
| 001 | 70667 | ||
| 020 | _a8508066171 | ||
| 040 | _cAnchieta - Itaigara | ||
| 100 | _aChianca, Leonardo | ||
| 240 | 1 | 0 |
_aUma viagem para o campo _lpor |
| 245 | 1 | 0 | _aUma viagem para o campo |
| 300 | _a47 | ||
| 362 | 0 | _a1997 | |
| 440 | 1 | _aÁtica | |
| 650 | 4 | _aLiteratura infanto-juvenil | |
| 942 | _cBK | ||
| 999 |
_c70667 _d70667 |
||